000 00617nam a2200217Ia 4500
003 OSt
005 20230403163458.0
008 210423s1989 xx 000 0 und d
020 _a978-3-540-64239-8
040 _cAL
041 _aeng
082 _a512.24
_223
_bBOUE
100 _aBOURBAKI (Nicolas)
_982869
245 _aElements of mathematics: commutative algebra chapter 1-7
260 _aNew York
_bSpringer Verlag
_c1989
300 _axxiv,625
_bPB
365 _b4150.85
_cEUR
650 _aAlgebra
_982870
906 _a1-7 ; algebra ; chapter ; commutative ; Elements ; mathematics
942 _2ddc
_cBK
999 _c169130
_d169130